Modelos en la planificación de ciudades y regiones
Gespeichert in:
| 1. Verfasser: | |
|---|---|
| Weitere Verfasser: | , |
| Format: | Buch |
| Veröffentlicht: |
[Lugar de publicación no identificado] : [editor no identificado]
|
| Schriftenreihe: | Colección Nuevo Urbanismo
|
| Tags: |
Tag hinzufügen
Keine Tags, Fügen Sie den ersten Tag hinzu!
|
MARC
| LEADER | 00000nam a2200000Ia 4500 | ||
|---|---|---|---|
| 003 | 000475 | ||
| 005 | 20221231143947.0 | ||
| 008 | 140114s19 sp a 000 ||s d | ||
| 040 | |c cru CEDI | ||
| 082 | |a 711.4 R361m | ||
| 100 | |a Reif, Benjamín |9 18378 | ||
| 245 | |a Modelos en la planificación de ciudades y regiones | ||
| 260 | |a [Lugar de publicación no identificado] : [editor no identificado] | ||
| 300 | |a 213 hojas : ilustraciones | ||
| 440 | |a Colección Nuevo Urbanismo |9 18381 | ||
| 500 | |a Fotocopia Instituto de Estudios de Administración Local. Madrid, 1978. | ||
| 501 | |a Traducción de Alfredo Carda y Santiago Tellez. | ||
| 700 | |9 18379 |a Carda, Alfredo | ||
| 700 | |9 18380 |a Tellez, Santiago | ||
| 942 | |2 ddc |c BK | ||
| 999 | |c 14843 |d 14843 | ||
